La enseñanza y aprendizaje de las Ciencias Sociales

Na minha lista:
Detalhes bibliográficos
Main Authors: Alegría Alegría, Jorge (Author), Wilhelm, Ronald Wayne (Author)
Outros Autores: Muñoz Labraña, Carlos E. (autor)
Formato: Livro
Idioma:espanhol
Publicado em: Concepción Universidad de Concepción 2009
Dallas University North of Texas 2009
Edição:2a. ed
Assuntos:
Tags: Adicionar Tag
Sem tags, seja o primeiro a adicionar uma tag!

MARC

LEADER 00000cam a2200000 a 4500
001 UCD5694
003 CL-VaPUC
008 160930e20090000cl |||||||||||||||||spa|d
020 |a 9789567909070 
082 0 4 |a 372.8  |b ALE  |2 21 
100 0 |a Alegría Alegría, Jorge  |e author  |9 589468 
700 |a Muñoz Labraña, Carlos E.  |e autor  |9 603442 
700 0 |a Wilhelm, Ronald Wayne  |e author  |9 589470 
245 1 3 |a La enseñanza y aprendizaje de las Ciencias Sociales 
250 |a 2a. ed 
300 |a 253 p 
942 |c BK 
945 |d 20160930 08:06:00  |a dcastane 
260 |a Concepción  |b Universidad de Concepción  |c 2009 
260 |a Dallas  |b University North of Texas  |c 2009 
650 0 |a Educación básica   |9 224933 
650 0 |a Ciencias sociales   |9 256351 
650 0 |a Planificación del currículo  |9 269599 
650 0 |a Métodos de enseñanza  |9 270413 
583 |a last modification  |c 20170718 04:19:55  |k Rodrigo Vera 
999 |c 366290  |d 366288 
952 |0 0  |1 0  |3 erb  |4 0  |6 372_800000000000000_ALE_2009_2009  |7 0  |8 A  |9 480419  |a BIBHIS  |b BIBHIS  |i 5343550  |l 1  |o 372.8 ALE 2009 2009  |p 5343550  |r 2025-04-02  |s 2025-03-28  |w 2019-11-24  |y BK  |z Catalogado en:20160930  |k HIS 
952 |0 0  |1 0  |3 erb  |4 0  |6 372_800000000000000_ALE_2009_2009  |7 0  |8 A  |9 480420  |a BIBHIS  |b BIBHIS  |i 5409489  |o 372.8 ALE 2009 2009  |p 5409489  |r 2025-01-20  |w 2019-11-24  |y BK  |z Catalogado en:20170721  |k HIS 
952 |0 0  |1 0  |3 erb  |4 0  |6 372_800000000000000_ALE_2009_2009  |7 0  |8 A  |9 480421  |a BIBHIS  |b BIBHIS  |i 5409470  |o 372.8 ALE 2009 2009  |p 5409470  |r 2025-01-20  |w 2019-11-24  |y BK  |z Catalogado en:20170721  |k HIS 
952 |0 0  |1 0  |3 erb  |4 0  |6 372_800000000000000_ALE_2009_2009  |7 0  |8 A  |9 480422  |a BIBHIS  |b BIBHIS  |i 5430860  |o 372.8 ALE 2009 2009  |p 5430860  |r 2025-01-20  |w 2019-11-24  |y BK  |z Catalogado en:20171020  |k HIS 
952 |0 0  |1 0  |3 erb  |4 0  |6 372_800000000000000_ALE_2009_2009  |7 0  |8 A  |9 480423  |a BIBHIS  |b BIBHIS  |i 5430879  |o 372.8 ALE 2009 2009  |p 5430879  |r 2025-01-20  |w 2019-11-24  |y BK  |z Catalogado en:20171020  |k HIS 
952 |0 0  |1 0  |3 erb  |4 0  |6 372_800000000000000_ALE_2009_2009  |7 0  |8 A  |9 480424  |a BIBHIS  |b BIBHIS  |i 547647K  |l 1  |m 14  |o 372.8 ALE 2009 2009  |p 547647K  |q 2025-07-11  |r 2024-01-30  |s 2024-01-17  |w 2019-11-24  |y BK  |z Catalogado en:20180622  |k HIS 
952 |0 0  |1 0  |3 erb  |4 0  |6 372_800000000000000_ALE_2009_2009  |7 0  |8 A  |9 480425  |a BIBHIS  |b BIBHIS  |i 5476461  |o 372.8 ALE 2009 2009  |p 5476461  |r 2025-01-20  |w 2019-11-24  |y BK  |z Catalogado en:20180622  |k HIS 
952 |0 0  |1 0  |3 erb  |4 0  |6 372_800000000000000_ALE_2009_2009  |7 0  |8 A  |9 480426  |a BIBHIS  |b BIBHIS  |i 5476453  |l 1  |o 372.8 ALE 2009 2009  |p 5476453  |r 2025-01-20  |s 2024-12-09  |w 2019-11-24  |y BK  |z Catalogado en:20180622  |k HIS